ISLAMIC REALISM AND 21ST CENTURY (Record no. 574775)

000 -LEADER
fixed length control field 00306nam a22001217a 4500
082 ## - DEWEY DECIMAL CLASSIFICATION NUMBER
Classification number 297 KHA
100 ## - MAIN ENTRY--PERSONAL NAME
Personal name DR.C.M.ANWAR KHAN
9 (RLIN) 66912
245 ## - TITLE STATEMENT
Title ISLAMIC REALISM AND 21ST CENTURY
260 ## - PUBLICATION, DISTRIBUTION, ETC.
Place of publication, distribution, etc. ISLAMABAD
Name of publisher, distributor, etc. HAQUE
Date of publication, distribution, etc. 1991
300 ## - PHYSICAL DESCRIPTION
Extent 255P
650 ## - SUBJECT ADDED ENTRY--TOPICAL TERM
Topical term or geographic name entry element ISLAMIC REALISM AND 21ST CENTURY
9 (RLIN) 66913
942 ## - ADDED ENTRY ELEMENTS (KOHA)
Koha item type Book
Holdings
Withdrawn status Lost status Damaged status Not for loan Permanent Location Current Location Shelving location Date acquired Total Checkouts Full call number Barcode Date last seen Price effective from Koha item type
        College of Electrical & Mechanical Engineering (CEME) College of Electrical & Mechanical Engineering (CEME) General Stacks 07/31/2017   297 KHA CEME-27500 06/28/2021 06/28/2021 Book
© 2023 Central Library, National University of Sciences and Technology. All Rights Reserved.